| 000 | 00729nam a22002177a 4500 | ||
|---|---|---|---|
| 010 | _aA-252494 | ||
| 020 | _a0835216195 | ||
| 035 | _aA-252494 | ||
| 037 | _bCen Lib / Ret | ||
| 040 |
_aDPL _bEN |
||
| 082 |
_a016.05 _bULR |
||
| 245 |
_aUlrich's international periodicals directory : _ba classified guide to current periodicals, foreign and domestic / |
||
| 250 | _a22nd ed | ||
| 260 |
_aNew York _bR. R. Bowker Co _c1983 |
||
| 270 |
_aA Xerox Information Co _bNew York |
||
| 300 |
_av 1. xxxii, 1058 ; v 2. xxxiii, 1059-1969p) _c27cm(Hb) |
||
| 505 | _av 1. A-M ; v 2 N-Z, with index | ||
| 650 | _aPeriodicals -- Directories. | ||
| 650 | _aPeriodicals -- Directory. | ||
| 942 |
_2ddc _cEN _h016.05 _mULR |
||
| 999 |
_c137027 _d137027 |
||